| 000 | 01092nam0a22002291i 4500 | ||
|---|---|---|---|
| 001 | rc\3298075 | ||
| 005 | 20240723201654.0 | ||
| 035 | _a(NLR Aleph) 007356218 | ||
| 090 |
_a6260553 _c6260553 |
||
| 100 | _a20130115d1973 |||y0rusy50 ca | ||
| 101 | 0 | _arus | |
| 102 | _aRU | ||
| 105 | _ay d ||||| | ||
| 200 | 1 |
_aСвоеобразие реализма творчества Димитра Талева 50-60-х годов _e(На материале тетралогии "Железный светильник", "Преспанские колокола", "Ильин день" и "Голоса ваши слышу") _eАвтореф. дис. на соиск. учен. степени канд. филол. наук _e(01.01.04) _fАН СССР. Ин-т славяноведения и балканистики |
|
| 210 |
_aМосква _d1973 |
||
| 215 | _a21 с. | ||
| 700 | 1 |
_aДамянова _bВ.А. _gВиктория Асенова |
|
| 702 | 1 |
_aТалев _bД. _f1898-1966 _gДимитр _4570 |
|
| 801 | 0 |
_aRU _bNLR _gpsbo |
|
| 801 | 1 |
_aRU _bELAR _2rusmarc |
|
| 852 |
_aNLR _j73-6/3273 |
||
| 942 | _cBOOK | ||